[Event "Dzerzhinsk Samarina Memorial"]
[Site "Dzerzhinsk"]
[Date "2015.12.15"]
[Round "7"]
[White "Pashkin, Viktor"]
[Black "Vorobiov, Alexey"]
[Result "0-1"]
[WhiteElo "1724"]
[BlackElo "1966"]
[PlyCount "44"]
[EventDate "2015.12.03"]
[EventType "swiss"]
[EventRounds "9"]
[EventCountry "RUS"]
[SourceTitle "EXT 2022"]
[Source "ChessBase"]
[SourceDate "2021.10.06"]
[SourceVersion "1"]
[SourceVersionDate "2021.10.06"]
[SourceQuality "1"]

1. b3 d5 2. Bb2 c6 3. e3 Bf5 4. d3 Nd7 5. Nd2 e5 6. Qf3 Bg6 7. e4 Ngf6 8. exd5 cxd5 9. Qe2 Bd6 10. h4 0-0 11. g4 e4 12. dxe4 Bxe4 13. Nxe4 Nxe4 14. 0-0-0 Qa5 15. Rh3 Qxa2 16. Rxd5 Bf4+ 17. Re3 Ndc5 18. Nh3 Nxb3+ 19. cxb3 Rac8+ 20. Qc4 Bxe3+ 21. fxe3 Qxb3 22. Rd4 Qxe3+ 0-1

[Event "Dzerzhinsk Samarina Memorial"]
[Site "Dzerzhinsk"]
[Date "2015.12.12"]
[Round "5"]
[White "Vorobiov, Alexey"]
[Black "Khazanov, Iosif"]
[Result "1/2-1/2"]
[WhiteElo "1966"]
[BlackElo "2017"]
[PlyCount "88"]
[EventDate "2015.12.03"]
[EventType "swiss"]
[EventRounds "9"]
[EventCountry "RUS"]
[SourceTitle "EXT 2022"]
[Source "ChessBase"]
[SourceDate "2021.10.06"]
[SourceVersion "1"]
[SourceVersionDate "2021.10.06"]
[SourceQuality "1"]

1. e4 c5 2. Nf3 Nc6 3. d4 cxd4 4. Nxd4 a6 5. Nc3 e5 6. Nf5 Nf6 7. Bg5 d6 8. Nd5 Bxf5 9. Bxf6 Qa5+ 10. Qd2 Qxd2+ 11. Kxd2 Bxe4 12. Nc7+ Kd7 13. Nxa8 gxf6 14. Nb6+ Kc7 15. f3 Bh6+ 16. Kc3 Bxf3 17. gxf3 Kxb6 18. Rd1 Nd4 19. Bc4 f5 20. Rxd4 exd4+ 21. Kxd4 Bg7+ 22. Kd5 Be5 23. Bd3 Rg8 24. Bxf5 h5 25. h4 Rg2 26. Be4 Rd2+ 27. Bd3 Rf2 28. Ke4 f6 29. Ke3 Rg2 30. b3 Kc5 31. f4 Bd4+ 32. Kf3 Rf2+ 33. Kg3 Be3 34. Rf1 Rxf1 35. Bxf1 Kd4 36. Be2 b5 37. Bxh5 Ke4 38. Bf3+ Kf5 39. Bg4+ Ke4 40. Bf3+ Kf5 41. Bg4+ Ke4 42. Bf3+ Kf5 43. Bg4+ Ke4 44. Bf3+ Kf5 1/2-1/2

[Event "Nizhnij Novgorod Dubinin Memorial 22nd"]
[Site "Nizhnij Novgorod"]
[Date "2015.??.??"]
[Round "6"]
[White "Vorobiov, Alexey"]
[Black "Poljakov, Andrei"]
[Result "1-0"]
[WhiteElo "1941"]
[BlackElo "1594"]
[PlyCount "37"]
[EventDate "2015.01.03"]
[EventType "swiss"]
[EventRounds "9"]
[EventCountry "RUS"]
[SourceTitle "CBM 164 Extra"]
[Source "ChessBase"]
[SourceDate "2015.03.02"]
[SourceVersion "1"]
[SourceVersionDate "2015.03.02"]
[SourceQuality "1"]

1. e4 e5 2. Nf3 Nc6 3. Bb5 Nf6 4. Nc3 Bc5 5. 0-0 d6 6. d4 exd4 7. Nxd4 Bxd4 8. Qxd4 Bd7 9. Bxc6 Bxc6 10. Bg5 h6 11. Bxf6 gxf6 12. Nd5 Bxd5 13. exd5 Rg8 14. Qe3+ Kd7 15. Qh3+ Ke8 16. Rae1+ Kf8 17. Qxh6+ Rg7 18. Re3 Qd7 19. Rg3 1-0

[Event "Dzerzhinsk Vavilov Memorial 6th"]
[Site "Dzerzhinsk"]
[Date "2014.04.06"]
[Round "8"]
[White "Vorobiov, Alexey"]
[Black "Arzhenkov, Gennady"]
[Result "0-1"]
[WhiteElo "1941"]
[BlackElo "2344"]
[PlyCount "36"]
[EventDate "2014.03.26"]
[EventType "swiss"]
[EventRounds "9"]
[EventCountry "RUS"]
[SourceTitle "EXT 2016"]
[Source "ChessBase"]
[SourceDate "2015.10.08"]
[SourceVersion "1"]
[SourceVersionDate "2015.10.08"]
[SourceQuality "1"]

1. e4 c5 2. Nf3 g6 3. d4 cxd4 4. Nxd4 Bg7 5. Be3 Nf6 6. Nc3 0-0 7. Be2 Nc6 8. Qd2 d5 9. exd5 Nxd5 10. Nxd5 Qxd5 11. Bf3 Qc4 12. b3 Qa6 13. Be2 Qa3 14. Nxc6 Bxa1 15. Nb4 Bf5 16. c3 Rfd8 17. Nd3 Bxd3 18. Bxd3 Rac8 0-1

[Event "Dzerzhinsk Vavilov Memorial 6th"]
[Site "Dzerzhinsk"]
[Date "2014.04.02"]
[Round "6"]
[White "Suprunenko, Konstantin"]
[Black "Vorobiov, Alexey"]
[Result "0-1"]
[WhiteElo "1849"]
[BlackElo "1941"]
[PlyCount "56"]
[EventDate "2014.03.26"]
[EventType "swiss"]
[EventRounds "9"]
[EventCountry "RUS"]
[SourceTitle "EXT 2016"]
[Source "ChessBase"]
[SourceDate "2015.10.08"]
[SourceVersion "1"]
[SourceVersionDate "2015.10.08"]
[SourceQuality "1"]

1. e4 c5 2. b4 cxb4 3. d4 d5 4. e5 e6 5. a3 Nc6 6. axb4 Bxb4+ 7. c3 Ba5 8. Be2 Nge7 9. g4 0-0 10. Bg5 Qc7 11. h4 f6 12. exf6 gxf6 13. Bh6 Rf7 14. Rh3 e5 15. Kf1 Bb6 16. Na3 exd4 17. Nb5 Qd8 18. cxd4 a6 19. Be3 f5 20. gxf5 Nxf5 21. Bg5 Qf8 22. Bf3 Ne3+ 23. Bxe3 Bxh3+ 24. Nxh3 Rxf3 25. Bh6 Qf5 26. Nf4 Rxf4 27. Bxf4 Qxf4 28. Ra3 Rf8 0-1

[Event "Dzerzhinsk-ch"]
[Site "Dzerzhinsk"]
[Date "2014.03.01"]
[Round "6"]
[White "Vorobiov, Alexey"]
[Black "Vasiliev, Evgeny Vladimirovic"]
[Result "1/2-1/2"]
[WhiteElo "1941"]
[BlackElo "1593"]
[PlyCount "101"]
[EventDate "2014.02.20"]
[EventType "swiss"]
[EventRounds "8"]
[EventCountry "RUS"]
[SourceTitle "EXT 2016"]
[Source "ChessBase"]
[SourceDate "2015.10.08"]
[SourceVersion "1"]
[SourceVersionDate "2015.10.08"]
[SourceQuality "1"]

1. e4 c6 2. d4 d5 3. Nc3 dxe4 4. Nxe4 Nd7 5. Bc4 Ngf6 6. Qe2 Nxe4 7. Qxe4 Nf6 8. Qd3 e6 9. Nf3 Be7 10. 0-0 0-0 11. c3 b6 12. Bb3 c5 13. Bc2 Bb7 14. Rd1 Be4 15. Qe2 Bxc2 16. Qxc2 Qc7 17. Bg5 Rad8 18. Rd2 Nd5 19. Rad1 Bxg5 20. Nxg5 Nf6 21. dxc5 bxc5 22. b3 h6 23. Nf3 Rxd2 24. Qxd2 Qa5 25. c4 Qxd2 26. Rxd2 Rc8 27. Ne5 Kf8 28. f3 Ke7 29. Kf2 Rc7 30. Ke3 Nd7 31. Nxd7 Rxd7 32. Rxd7+ Kxd7 33. h4 a5 34. g4 e5 35. f4 exf4+ 36. Kxf4 Ke6 37. Ke4 g6 38. g5 hxg5 39. hxg5 f5+ 40. gxf6 Kxf6 41. Kf4 g5+ 42. Kg4 Ke5 43. Kxg5 Kd4 44. Kf4 Kc3 45. Ke5 Kb2 46. Kd5 Kxa2 47. Kxc5 Kxb3 48. Kb5 a4 49. c5 a3 50. c6 a2 51. c7 1/2-1/2

[Event "Dzerzhinsk-ch"]
[Site "Dzerzhinsk"]
[Date "2014.02.27"]
[Round "5"]
[White "Rjabikina, Viktorija"]
[Black "Vorobiov, Alexey"]
[Result "0-1"]
[WhiteElo "1588"]
[BlackElo "1941"]
[PlyCount "84"]
[EventDate "2014.02.20"]
[EventType "swiss"]
[EventRounds "8"]
[EventCountry "RUS"]
[SourceTitle "EXT 2016"]
[Source "ChessBase"]
[SourceDate "2015.10.08"]
[SourceVersion "1"]
[SourceVersionDate "2015.10.08"]
[SourceQuality "1"]

1. g3 e5 2. Bg2 Nf6 3. c4 Bc5 4. e3 0-0 5. Ne2 c6 6. 0-0 d6 7. d4 Bb4 8. Qc2 Qe7 9. Nbc3 Bg4 10. b3 Nbd7 11. Bb2 Rac8 12. Rfe1 Rfe8 13. Kh1 e4 14. Ng1 Bf5 15. f3 exf3 16. Qxf5 fxg2+ 17. Kxg2 d5 18. Rad1 g6 19. Qf3 Ne4 20. Nxe4 Qxe4 21. Qxe4 Rxe4 22. Nf3 Rce8 23. Kf2 Ba5 24. Re2 dxc4 25. bxc4 Nb6 26. Rc1 f6 27. Ba3 Na4 28. Bb2 Nxb2 29. Rxb2 Rxe3 30. Rxb7 Re2+ 31. Kf1 Rxa2 32. Rxa7 Ra3 33. Kf2 Ree3 34. Rxa5 Rxf3+ 35. Kg2 Rxg3+ 36. hxg3 Rxa5 37. Rc3 Kf7 38. Kf3 Ke6 39. Ke4 Rg5 40. Kf4 h5 41. Rd3 Rg4+ 42. Kf3 Kd6 0-1

[Event "Nizhnij Novgorod-ch"]
[Site "Nizhnij Novgorod"]
[Date "2014.??.??"]
[Round "8"]
[White "Krashenov, Valery"]
[Black "Vorobiov, Alexey"]
[Result "0-1"]
[WhiteElo "1787"]
[BlackElo "1994"]
[PlyCount "48"]
[EventDate "2014.03.??"]
[EventType "swiss"]
[EventRounds "9"]
[EventCountry "RUS"]
[SourceTitle "EXT 2016"]
[Source "ChessBase"]
[SourceDate "2015.10.08"]
[SourceVersion "1"]
[SourceVersionDate "2015.10.08"]
[SourceQuality "1"]

1. d4 d5 2. c4 c6 3. Nc3 Nf6 4. Nf3 e6 5. e3 Be7 6. Qc2 0-0 7. Bd3 Na6 8. a3 Nc7 9. e4 dxc4 10. Bxc4 c5 11. Be3 Ng4 12. Rd1 Nxe3 13. fxe3 Qe8 14. 0-0 b5 15. Ba2 Ba6 16. Bb1 Rc8 17. Rf2 b4 18. Ne2 cxd4 19. exd4 bxa3 20. bxa3 Nd5 21. Qd2 Bxe2 22. exd5 Bxd1 23. Qxd1 Bxa3 24. Bc2 exd5 0-1

[Event "Dzerzhinsk League VL"]
[Site "Dzerzhinsk"]
[Date "2013.12.20"]
[Round "7"]
[White "Suprunenko, Konstantin"]
[Black "Vorobiov, Alexey"]
[Result "1-0"]
[WhiteElo "1866"]
[BlackElo "1994"]
[PlyCount "75"]
[EventDate "2013.12.07"]
[EventType "tourn"]
[EventRounds "9"]
[EventCountry "RUS"]
[SourceTitle "EXT 2016"]
[Source "ChessBase"]
[SourceDate "2015.10.08"]
[SourceVersion "1"]
[SourceVersionDate "2015.10.08"]
[SourceQuality "1"]

1. e4 e5 2. Nf3 Nc6 3. Bc4 Nf6 4. 0-0 Be7 5. d4 0-0 6. dxe5 Nxe4 7. Nbd2 Nc5 8. a3 b6 9. b4 Ne6 10. Ne4 Bb7 11. Bd5 Rb8 12. c4 Qe8 13. Re1 a5 14. b5 Ncd8 15. Be3 Bc8 16. Nd4 c6 17. Nf5 cxd5 18. cxd5 f6 19. d6 fxe5 20. Nxe7+ Kh8 21. Nxc8 Rxc8 22. Bxb6 Nb7 23. Qd5 Nf4 24. Qxb7 Rb8 25. Qa6 Ra8 26. Ba7 Qg6 27. Ng3 Nd3 28. Rf1 h5 29. b6 Nc5 30. Qc4 Rac8 31. Qh4 Qxd6 32. Qxh5+ Kg8 33. Rab1 Nb7 34. Ne4 Qd4 35. Ng5 Qd3 36. Rbd1 Qf5 37. g4 Qc2 38. Rd2 1-0

[Event "Dzerzhinsk League VL"]
[Site "Dzerzhinsk"]
[Date "2013.12.13"]
[Round "4"]
[White "Boletsky, Evgeny"]
[Black "Vorobiov, Alexey"]
[Result "1/2-1/2"]
[WhiteElo "2000"]
[BlackElo "1994"]
[PlyCount "92"]
[EventDate "2013.12.07"]
[EventType "tourn"]
[EventRounds "9"]
[EventCountry "RUS"]
[SourceTitle "EXT 2016"]
[Source "ChessBase"]
[SourceDate "2015.10.08"]
[SourceVersion "1"]
[SourceVersionDate "2015.10.08"]
[SourceQuality "1"]

1. d4 d6 2. Nf3 Nf6 3. c4 g6 4. Nc3 Bg7 5. e4 0-0 6. Be2 Nc6 7. d5 Nb4 8. Bg5 Bd7 9. Nd2 e5 10. a3 Na6 11. b4 c6 12. dxc6 bxc6 13. c5 Bc8 14. cxd6 Qxd6 15. Nc4 Qe6 16. Qd6 Nb8 17. Rd1 Qxd6 18. Rxd6 Be6 19. Na5 Rc8 20. 0-0 h6 21. Be3 Bf8 22. Rd2 c5 23. b5 Ng4 24. Bc4 Nxe3 25. fxe3 Be7 26. Bxe6 fxe6 27. Nc4 Kg7 28. Na4 Rc7 29. Nxe5 Bf6 30. Nc4 Nd7 31. Rfd1 Rd8 32. e5 Be7 33. Na5 Bg5 34. Rd3 c4 35. Nxc4 Rxc4 36. Rxd7+ Rxd7 37. Rxd7+ Kf8 38. Nb2 Bxe3+ 39. Kf1 Rc2 40. Nd1 Bb6 41. Rd3 Rc5 42. g4 Rxe5 43. Nb2 Re4 44. Rc3 Ke7 45. Nc4 Bd4 46. Rc2 Rf4+ 1/2-1/2

[Event "Nizhnij Novgorod Region-ch"]
[Site "Nizhnij Novgorod"]
[Date "2013.10.24"]
[Round "7"]
[White "Vorobiov, Alexey"]
[Black "Ryabov, Alexander"]
[Result "1/2-1/2"]
[WhiteElo "1987"]
[BlackElo "2013"]
[PlyCount "82"]
[EventDate "2013.10.19"]
[EventType "swiss"]
[EventRounds "9"]
[EventCountry "RUS"]
[SourceTitle "EXT 2014"]
[Source "ChessBase"]
[SourceDate "2013.11.20"]
[SourceVersion "1"]
[SourceVersionDate "2013.11.20"]
[SourceQuality "1"]

1. e4 c5 2. Nf3 d6 3. Bc4 Nc6 4. d4 cxd4 5. Nxd4 Nf6 6. Nc3 e6 7. 0-0 Be7 8. Be3 0-0 9. Qe2 a6 10. Rad1 Qc7 11. a3 Bd7 12. f4 Nxd4 13. Bxd4 e5 14. fxe5 dxe5 15. Rxf6 exd4 16. Nd5 Qe5 17. Nxe7+ Qxe7 18. Rf2 Qe5 19. Bd5 Bc6 20. Rf5 Qe7 21. Bxc6 bxc6 22. Rxd4 Rab8 23. b4 Rb5 24. Qd2 Rxf5 25. exf5 c5 26. Rd6 Qe5 27. Rd8 Qa1+ 28. Qd1 Qxd1+ 29. Rxd1 cxb4 30. axb4 h5 31. c3 Re8 32. Rd6 Rc8 33. Rd3 Re8 34. Kf2 Re5 35. Rf3 Kf8 36. h3 a5 37. bxa5 Rxa5 38. Ke3 Ra2 39. c4 Rc2 40. Rf4 Ke7 41. f6+ gxf6 1/2-1/2

[Event "Nizhnij Novgorod op"]
[Site "Nizhnij Novgorod"]
[Date "2012.10.14"]
[Round "4"]
[White "Alexandrov, Valery"]
[Black "Vorobiov, Alexey"]
[Result "1-0"]
[WhiteElo "2184"]
[BlackElo "1998"]
[PlyCount "121"]
[EventDate "2012.10.06"]
[EventType "swiss"]
[EventRounds "9"]
[EventCountry "RUS"]
[SourceTitle "EXT 2013"]
[Source "ChessBase"]
[SourceDate "2012.11.22"]
[SourceVersion "1"]
[SourceVersionDate "2012.11.22"]
[SourceQuality "1"]

1. e4 c5 2. g3 Nc6 3. Bg2 g6 4. Nf3 Bg7 5. 0-0 d6 6. Nc3 Bd7 7. d3 Nf6 8. Bg5 0-0 9. Qd2 Re8 10. h3 Rb8 11. a4 Qa5 12. Bh6 Bh8 13. Kh2 Qb4 14. Nh4 Qxb2 15. e5 Nxe5 16. Rab1 Nc4 17. dxc4 Qxc3 18. Qxc3 Ng4+ 19. hxg4 Bxc3 20. Bxb7 Bxa4 21. Rfc1 a5 22. Nf3 Bd7 23. Bd2 Bb4 24. Bd5 Bxg4 25. c3 Ba3 26. Rxb8 Rxb8 27. Ra1 Rb3 28. Ng5 e6 29. Bc6 Kg7 30. Ba4 Bb2 31. Bxb3 Bxa1 32. Ne4 Bf3 33. Nxd6 Bc6 34. Nb5 Kf6 35. Be3 Ke7 36. Bxc5+ Kd7 37. Bd4 Bb2 38. g4 f5 39. Kg3 fxg4 40. Kxg4 h6 41. Bc2 Bg2 42. Bb6 Bf1 43. Bb3 h5+ 44. Kg3 Bc1 45. Be3 Bb2 46. Kh4 e5 47. Kg5 Bd3 48. Kf6 h4 49. Kxe5 h3 50. Bf4 g5 51. Bh2 Bc1 52. Nd4 Bd2 53. c5 Bxc3 54. Kd5 Bd2 55. c6+ Kc8 56. Kd6 Bb4+ 57. Ke5 Kc7 58. Kd5+ Kb6 59. Ne6 Bb5 60. Bc7+ Ka7 61. Nxg5 1-0

[Event "Nizhnij Novgorod op"]
[Site "Nizhnij Novgorod"]
[Date "2012.10.13"]
[Round "8"]
[White "Vorobiov, Alexey"]
[Black "Kudrin, Ivan"]
[Result "1-0"]
[WhiteElo "1998"]
[BlackElo "1887"]
[PlyCount "95"]
[EventDate "2012.10.06"]
[EventType "swiss"]
[EventRounds "9"]
[EventCountry "RUS"]
[SourceTitle "EXT 2013"]
[Source "ChessBase"]
[SourceDate "2012.11.22"]
[SourceVersion "1"]
[SourceVersionDate "2012.11.22"]
[SourceQuality "1"]

1. e4 c5 2. Nf3 d6 3. d4 cxd4 4. Nxd4 Nf6 5. Nc3 a6 6. Be2 e5 7. Nf3 b5 8. a3 Be7 9. 0-0 Bb7 10. Re1 0-0 11. Qd3 Nbd7 12. Be3 Qc7 13. Rad1 Rac8 14. Nh4 g6 15. Bh6 Rfd8 16. Nf5 Nc5 17. Qh3 Nfxe4 18. Nxe4 Bxe4 19. Nxe7+ Qxe7 20. c4 bxc4 21. Bxc4 d5 22. Ba2 Bf5 23. Qe3 d4 24. Qxe5 Qxe5 25. Rxe5 Be6 26. Bg5 Rd7 27. Bxe6 Nxe6 28. Bf6 Rc2 29. Ra5 d3 30. Rxa6 d2 31. Ra8+ Nf8 32. Kf1 h6 33. Bc3 Re7 34. Rd8 Rc1 35. R8xd2 Rxd1+ 36. Rxd1 Rd7 37. Rxd7 Nxd7 38. a4 Kf8 39. a5 Ke8 40. Ke2 Kd8 41. Bd4 Nb8 42. b4 Nc6 43. Bc3 Kc7 44. Kd3 Kb7 45. Kc4 Ne7 46. b5 Nf5 47. Bb4 Nh4 48. a6+ 1-0

[Event "Nizhnij Novgorod op"]
[Site "Nizhnij Novgorod"]
[Date "2012.10.12"]
[Round "7"]
[White "Vorobiov, Alexey"]
[Black "Matveev, Mikhail1"]
[Result "0-1"]
[WhiteElo "1998"]
[BlackElo "2121"]
[PlyCount "72"]
[EventDate "2012.10.06"]
[EventType "swiss"]
[EventRounds "9"]
[EventCountry "RUS"]
[SourceTitle "EXT 2013"]
[Source "ChessBase"]
[SourceDate "2012.11.22"]
[SourceVersion "1"]
[SourceVersionDate "2012.11.22"]
[SourceQuality "1"]

1. e4 c5 2. Nf3 Nc6 3. d4 cxd4 4. Nxd4 Nf6 5. Nc3 e5 6. Ndb5 d6 7. Be3 a6 8. Na3 b5 9. Nd5 Nxd5 10. Qxd5 Qc7 11. Bxb5 axb5 12. Nxb5 Qb7 13. 0-0 Be6 14. Nxd6+ Bxd6 15. Qxd6 Rd8 16. Qc5 f6 17. b3 Kf7 18. f4 exf4 19. Rxf4 Rhe8 20. Raf1 Kg8 21. Qh5 Ne5 22. Rh4 g6 23. Qe2 g5 24. Rh6 Ng4 25. Bxg5 fxg5 26. Rxe6 Rxe6 27. Qxg4 Qb6+ 28. Kh1 h6 29. c4 Rf6 30. Rc1 Qe3 31. Rg1 Re8 32. Qd7 Rxe4 33. Qd8+ Kg7 34. h3 g4 35. hxg4 Qg3 36. Rd1 Re1+ 0-1

[Event "Nizhnij Novgorod op"]
[Site "Nizhnij Novgorod"]
[Date "2012.10.10"]
[Round "5"]
[White "Vorobiov, Alexey"]
[Black "Shilin, Vladimir"]
[Result "1-0"]
[WhiteElo "1998"]
[BlackElo "2060"]
[PlyCount "85"]
[EventDate "2012.10.06"]
[EventType "swiss"]
[EventRounds "9"]
[EventCountry "RUS"]
[SourceTitle "EXT 2013"]
[Source "ChessBase"]
[SourceDate "2012.11.22"]
[SourceVersion "1"]
[SourceVersionDate "2012.11.22"]
[SourceQuality "1"]

1. e4 c5 2. Nf3 e6 3. d4 cxd4 4. Nxd4 a6 5. Be2 Nf6 6. Bf3 Qc7 7. 0-0 Nc6 8. Nxc6 dxc6 9. Nc3 e5 10. Be3 b5 11. a4 b4 12. Ne2 Be6 13. c3 Rd8 14. Qc1 b3 15. Ng3 Be7 16. h3 0-0 17. Be2 a5 18. Rd1 Nd7 19. Nf1 Nc5 20. Bxc5 Bxc5 21. Nd2 Qb7 22. Nf3 Qa7 23. Rf1 f6 24. Qe1 Rd6 25. Rd1 Rfd8 26. Rxd6 Rxd6 27. Nd2 Qf7 28. Kh1 g5 29. Ba6 Kg7 30. Qe2 Qa7 31. Nb1 Qb6 32. f3 Be3 33. Kh2 h5 34. Bc4 Bc8 35. Re1 Bf2 36. Rd1 Rxd1 37. Qxd1 h4 38. Kh1 Bg3 39. Qd6 Qb7 40. Nd2 Qa7 41. Qd8 Qf2 42. Qg8+ Kh6 43. Qf8+ 1-0

[Event "Nizhnij Novgorod Dubinin Memorial 18th"]
[Site "Nizhnij Novgorod"]
[Date "2011.01.03"]
[Round "?"]
[White "Bojarinov, Victor A"]
[Black "Vorobiov, Alexey"]
[Result "1-0"]
[WhiteElo "2301"]
[BlackElo "2018"]
[PlyCount "29"]
[EventDate "2011.01.03"]
[EventType "swiss"]
[EventRounds "9"]
[EventCountry "RUS"]
[SourceTitle "EXT 2012"]
[Source "ChessBase"]
[SourceDate "2011.11.24"]
[SourceVersion "1"]
[SourceVersionDate "2011.11.24"]
[SourceQuality "1"]

1. e4 c5 2. Nf3 d6 3. c3 Nf6 4. Be2 Nc6 5. d4 cxd4 6. cxd4 e6 7. d5 Ne5 8. Bb5+ Bd7 9. Bxd7+ Qxd7 10. 0-0 Be7 11. Nxe5 dxe5 12. dxe6 Qxd1 13. exf7+ Kxf7 14. Rxd1 Nxe4 15. Re1 1-0

[Event "Nizhnij Novgorod Dubinin Memorial 18th"]
[Site "Nizhnij Novgorod"]
[Date "2011.01.03"]
[Round "?"]
[White "Vorobiov, Alexey"]
[Black "Varfalomeev, Yan"]
[Result "0-1"]
[WhiteElo "2018"]
[BlackElo "1773"]
[PlyCount "30"]
[EventDate "2011.01.03"]
[EventType "swiss"]
[EventRounds "9"]
[EventCountry "RUS"]
[SourceTitle "EXT 2012"]
[Source "ChessBase"]
[SourceDate "2011.11.24"]
[SourceVersion "1"]
[SourceVersionDate "2011.11.24"]
[SourceQuality "1"]

1. e4 e5 2. Nf3 Nc6 3. Bb5 a6 4. Ba4 Nf6 5. 0-0 Be7 6. Nc3 d6 7. d4 0-0 8. Bxc6 exd4 9. Nxd4 bxc6 10. Nxc6 Qd7 11. Nd4 Bb7 12. Re1 d5 13. e5 Ne4 14. Nxe4 dxe4 15. e6 fxe6 0-1

[Event "Nizhnij Novgorod Voroniatov Memor 6th"]
[Site "Nizhnij Novgorod"]
[Date "2009.05.??"]
[Round "6"]
[White "Vorobiov, Alexey"]
[Black "Semenov, Maxim"]
[Result "1-0"]
[WhiteElo "2038"]
[BlackElo "1920"]
[PlyCount "43"]
[EventDate "2009.05.03"]
[EventType "swiss"]
[EventRounds "8"]
[EventCountry "RUS"]
[SourceTitle "EXT 2022"]
[Source "ChessBase"]
[SourceDate "2021.10.06"]
[SourceVersion "1"]
[SourceVersionDate "2021.10.06"]
[SourceQuality "1"]

1. e4 e5 2. Nf3 Nc6 3. d4 exd4 4. Nxd4 Qh4 5. Be3 Qxe4 6. Nc3 Bb4 7. Ndb5 Bxc3+ 8. bxc3 Kd8 9. Qd2 Nf6 10. Be2 Qxg2 11. 0-0-0 d6 12. Rhg1 Qxh2 13. Rxg7 Qe5 14. Bg5 h6 15. Bh4 Rf8 16. Nd4 Nxd4 17. cxd4 Qf5 18. Qxh6 Ke7 19. Bd3 Qe6 20. d5 Qe5 21. Bxf6+ Qxf6 22. Re1+ 1-0